| 000 | 00882nam a22002297a 4500 | ||
|---|---|---|---|
| 003 | BD-DhUL | ||
| 005 | 20160829084047.0 | ||
| 008 | 160829s2005 bg a|||| |||| 00| 0 ben | ||
| 020 | _a9844840368 | ||
| 040 |
_aBD-DhUL _cBD-DhUL |
||
| 082 |
_a901 _bHAM |
||
| 100 | 1 | _aহাসান, সৈয়দ মাহমুদুল | |
| 245 | 1 | 0 |
_aমানব সভ্যতার ইতিহাস / _cহাসান, সৈয়দ মাহমুদুল |
| 250 | _aসংশোধিত ২য় সং. | ||
| 260 |
_aঢাকা : _bগ্লোব, _c২০০৫ |
||
| 300 |
_a[১৫], ৫৭৬ পৃ. : _bচিত্র, মানচিত্র ; _c২১ সেমি. |
||
| 365 |
_aBDT _b250.00 |
||
| 504 | _aগ্রন্থপঞ্জিগত তথ্য সংবলিত | ||
| 650 | 0 | _aইতিহাস | |
| 650 | 0 | _aHistory | |
| 942 |
_2ddc _cBK |
||
| 999 |
_c102066 _d102066 |
||